<?xml version="1.0" encoding="UTF-8"?>
<record
    xmlns:xsi="http://www.w3.org/2001/XMLSchema-instance"
    xsi:schemaLocation="http://www.loc.gov/MARC21/slim http://www.loc.gov/standards/marcxml/schema/MARC21slim.xsd"
    xmlns="http://www.loc.gov/MARC21/slim">

  <leader>00839nam a22001817a 4500</leader>
  <datafield tag="999" ind1=" " ind2=" ">
    <subfield code="c">62843</subfield>
    <subfield code="d">62843</subfield>
  </datafield>
  <controlfield tag="003">Ge_BSU</controlfield>
  <controlfield tag="005">20250307112326.0</controlfield>
  <controlfield tag="008">250307s2000    ge ||||| |||| 00| 0 geo d</controlfield>
  <datafield tag="041" ind1=" " ind2=" ">
    <subfield code="a">geo</subfield>
  </datafield>
  <datafield tag="080" ind1=" " ind2=" ">
    <subfield code="a">617-089(075.8) &#x10D2;-82</subfield>
  </datafield>
  <datafield tag="100" ind1=" " ind2=" ">
    <subfield code="a">&#x10D2;&#x10E0;&#x10D8;&#x10D2;&#x10DD;&#x10DA;&#x10D8;&#x10D0;, &#x10DC;&#x10DD;&#x10D3;&#x10D0;&#x10E0;</subfield>
    <subfield code="9">3225</subfield>
  </datafield>
  <datafield tag="245" ind1=" " ind2=" ">
    <subfield code="a">&#x10E5;&#x10D8;&#x10E0;&#x10E3;&#x10E0;&#x10D2;&#x10D8;&#x10E3;&#x10DA;&#x10D8; &#x10D3;&#x10D0;&#x10D0;&#x10D5;&#x10D0;&#x10D3;&#x10D4;&#x10D1;&#x10D4;&#x10D1;&#x10D8; :</subfield>
    <subfield code="b">&#x10E1;&#x10D0;&#x10EE;&#x10D4;&#x10DA;&#x10DB;&#x10EB;&#x10E6;&#x10D5;. &#x10E1;&#x10D0;&#x10DB;&#x10D4;&#x10D3;. &#x10E3;&#x10DC;-&#x10E2;&#x10D8;&#x10E1; &#x10E1;&#x10E2;&#x10E3;&#x10D3;&#x10D4;&#x10DC;&#x10E2;&#x10D4;&#x10D1;&#x10D8;&#x10E1;&#x10D0;&#x10D7;&#x10D5;&#x10D8;&#x10E1; /</subfield>
    <subfield code="c">&#x10DC;&#x10DD;&#x10D3;&#x10D0;&#x10E0; &#x10D2;&#x10E0;&#x10D8;&#x10D2;&#x10DD;&#x10DA;&#x10D8;&#x10D0; ; &#x10D7;&#x10D1;&#x10D8;&#x10DA;. &#x10E1;&#x10D0;&#x10EE;&#x10D4;&#x10DA;&#x10DB;&#x10EC;. &#x10E1;&#x10D0;&#x10DB;&#x10D4;&#x10D3;. &#x10E3;&#x10DC;-&#x10E2;&#x10D8;.</subfield>
  </datafield>
  <datafield tag="264" ind1=" " ind2=" ">
    <subfield code="a">&#x10D7;&#x10D1;., </subfield>
    <subfield code="c">2000.</subfield>
  </datafield>
  <datafield tag="300" ind1=" " ind2=" ">
    <subfield code="a">696 &#x10D2;&#x10D5;. : </subfield>
    <subfield code="b">&#x10E1;&#x10E3;&#x10E0;. ; </subfield>
    <subfield code="c">27 &#x10E1;&#x10DB;.</subfield>
  </datafield>
  <datafield tag="653" ind1=" " ind2=" ">
    <subfield code="a">&#x10E5;&#x10D8;&#x10E0;&#x10E3;&#x10E0;&#x10D2;&#x10D8;&#x10E3;&#x10DA;&#x10D8; &#x10D3;&#x10D0;&#x10D0;&#x10D5;&#x10D0;&#x10D3;&#x10D4;&#x10D1;&#x10D4;&#x10D1;&#x10D8;</subfield>
  </datafield>
  <datafield tag="653" ind1=" " ind2=" ">
    <subfield code="a">&#x10DB;&#x10D4;&#x10D3;&#x10D8;&#x10EA;&#x10D8;&#x10DC;&#x10D0;</subfield>
  </datafield>
  <datafield tag="942" ind1=" " ind2=" ">
    <subfield code="2">udc</subfield>
    <subfield code="c">&#x1CAC;&#x1C98;&#x1C92;&#x1C9C;&#x1C98;</subfield>
  </datafield>
  <datafield tag="952" ind1=" " ind2=" ">
    <subfield code="0">0</subfield>
    <subfield code="1">0</subfield>
    <subfield code="2">udc</subfield>
    <subfield code="4">0</subfield>
    <subfield code="6">6170890758_&#x10D2;82</subfield>
    <subfield code="7">0</subfield>
    <subfield code="9">102224</subfield>
    <subfield code="a">CPL</subfield>
    <subfield code="b">CPL</subfield>
    <subfield code="c">GEN</subfield>
    <subfield code="d">2025-03-07</subfield>
    <subfield code="g">30.00</subfield>
    <subfield code="o">617-089(075.8) &#x10D2;-82</subfield>
    <subfield code="p">70793</subfield>
    <subfield code="r">2025-03-07</subfield>
    <subfield code="t">70793</subfield>
    <subfield code="w">2025-03-07</subfield>
    <subfield code="y">&#x1CAC;&#x1C98;&#x1C92;&#x1C9C;&#x1C98;</subfield>
    <subfield code="z">30 &#x10DA;.</subfield>
  </datafield>
  <datafield tag="952" ind1=" " ind2=" ">
    <subfield code="0">0</subfield>
    <subfield code="1">0</subfield>
    <subfield code="2">udc</subfield>
    <subfield code="4">0</subfield>
    <subfield code="6">6170890758_&#x10D2;82</subfield>
    <subfield code="7">0</subfield>
    <subfield code="9">102225</subfield>
    <subfield code="a">CPL</subfield>
    <subfield code="b">CPL</subfield>
    <subfield code="c">GEN</subfield>
    <subfield code="d">2025-03-07</subfield>
    <subfield code="g">30.00</subfield>
    <subfield code="o">617-089(075.8) &#x10D2;-82</subfield>
    <subfield code="p">70731</subfield>
    <subfield code="r">2025-03-07</subfield>
    <subfield code="t">70731</subfield>
    <subfield code="w">2025-03-07</subfield>
    <subfield code="y">&#x1CAC;&#x1C98;&#x1C92;&#x1C9C;&#x1C98;</subfield>
    <subfield code="z">30 &#x10DA;.</subfield>
  </datafield>
  <datafield tag="952" ind1=" " ind2=" ">
    <subfield code="0">0</subfield>
    <subfield code="1">0</subfield>
    <subfield code="2">udc</subfield>
    <subfield code="4">0</subfield>
    <subfield code="6">6170890758_&#x10D2;82</subfield>
    <subfield code="7">0</subfield>
    <subfield code="9">102226</subfield>
    <subfield code="a">CPL</subfield>
    <subfield code="b">CPL</subfield>
    <subfield code="c">GEN</subfield>
    <subfield code="d">2025-03-07</subfield>
    <subfield code="g">30.00</subfield>
    <subfield code="o">617-089(075.8) &#x10D2;-82</subfield>
    <subfield code="p">70792</subfield>
    <subfield code="r">2025-03-07</subfield>
    <subfield code="t">70792</subfield>
    <subfield code="w">2025-03-07</subfield>
    <subfield code="y">&#x1CAC;&#x1C98;&#x1C92;&#x1C9C;&#x1C98;</subfield>
    <subfield code="z">30 &#x10DA;.</subfield>
  </datafield>
</record>
